Eficiencia en el uso de la energía eléctrica (Registro nro. 2785)
[ vista simple ]
| 000 -CABECERA | |
|---|---|
| campo de control de longitud fija | 00978aam a2200325 4500 |
| 005 - FECHA Y HORA DE ACTUALIZACIÓN | |
| campo de control | 20220209091845.0 |
| 008 - LONGITUD FIJA | |
| campo de control de longitud fija | 150611b xxu||||| |||| 00| 0 spa d |
| 041 ## - IDIOMA | |
| Código de idioma del texto/pista de sonido o título separado | |
| 082 ## - CLASIFICACIÓN DECIMAL DEWEY | |
| Número de clasificación | 621.319.24 E27e |
| 245 ## - TÍTULO PROPIAMENTE DICHO | |
| Título | Eficiencia en el uso de la energía eléctrica |
| 260 ## - PIE DE IMPRENTA | |
| Lugar de publicación, distribución, etc. | Español |
| Nombre del editor, distribuidor, etc. | Marcombo |
| Fecha de publicación, distribución, etc. | 2012 |
| 300 ## - DESCRIPCIÓN FÍSICA | |
| Extensión | 333 páginas |
| 650 ## - Materia General | |
| Materia general | ELECTRICIDAD |
| 650 ## - Materia General | |
| Materia general | ENERGÍA ELECTRICA |
| 650 ## - Materia General | |
| Materia general | SUMINISTRO |
| 650 ## - Materia General | |
| Materia general | CIRCUITOS |
| 650 ## - Materia General | |
| Materia general | COMPENSADORES |
| 650 ## - Materia General | |
| Materia general | PERTURBACIONES DE RED |
| 650 ## - Materia General | |
| Materia general | NIVELES DE OSI |
| 650 ## - Materia General | |
| Materia general | MAGNITUDES ELECTRICAS |
| 650 ## - Materia General | |
| Materia general | MEDIDA DE ENERGÍA |
| 650 ## - Materia General | |
| Materia general | COMUNICACIONES |
| 650 ## - Materia General | |
| Materia general | PROTOCOLOS |
| 650 ## - Materia General | |
| Materia general | RED ELECTRICA |
| 650 ## - Materia General | |
| Materia general | REDES DE ÁREA LOCAL |
| 650 ## - Materia General | |
| Materia general | FILTROS |
| 650 ## - Materia General | |
| Materia general | USO RACIONAL DE LA ENERGÍA ELECTRICA |
| 650 ## - Materia General | |
| Materia general | MAGNITUD ELECTRICA |
| 942 ## - Punto de Acceso Adicional Koha | |
| Tipo de ítem Koha | Libro |
| Estado perdido | Estado dañado | No para préstamo | Biblioteca permanente | Biblioteca actual | Signatura completa | Código de barras | Precio efectivo a partir del | Tipo de ítem |
|---|---|---|---|---|---|---|---|---|
| Departamento de Biblioteca y Documentación Alfonso Chase Brenes | Departamento de Biblioteca y Documentación Alfonso Chase Brenes | 621.319.24 E27e | 16151 | 03/10/2016 | Libro |